000 00749nam a2200241 i 4500
001 C2-0107240
003 PPAK
005 20180727102200.0
008 970617s my a|||| ||||| | may d
040 _aPPAK
_beng
_cPPAK
_erda
082 0 4 _a959.5112
_223
090 0 0 _a959.5112
_bMOH
_dKK
100 0 _aMohd. Salim Abdullah,
_eauthor
245 1 0 _aSejarah Menara Jam Besar Sungai Petani
264 1 _aPulau Pinang :
_bUniversiti Sains Malaysia ,
_c[date of publication not identified]
300 _aiv, 45 pages :
_billustrations ;
_c30 cm
336 _2rdacontent
_atext
337 _2rdamedia
_aunmediated
338 _2rdacarrier
_avolume
500 _aKertas projek ; Tidak boleh fotokopi
650 1 0 _aKedah - History.
942 _ddc
_cB
999 _c26305
_d26305